• 首页
  • 本馆介绍
  • 公告通知
  • 最新文献
  • 馆藏检索
  • 电子资源
  • 读者导购
  • 参考咨询
  • 我的图书馆
  • 登录
  • 详细信息显示
  • 放入我的书架
  • 预约/预借图书
  • 作者相关作品
  • 分类相关作品
  • 丛书相关作品
  • 出版社相关作品

书目信息

  • 表格格式
  • 工作单格式
  • 卡片格式
题名:
劝导
    
 
作者: 奥斯汀 , Austen 著 ;唐慧心 , 孙致礼 译
分册:  
出版信息: 南京   江苏人民出版社  1984
页数: 255页
开本: 19cm
丛书名:
单 册:
中图分类: I561.44 , I561.4
科图分类:
主题词: 长篇小说--英国--近代
电子资源:
ISBN:
000 00900nam0 2200313 45
001 0184004020
005 20040409105323.2
010    @dCNY0.70
091    @a10100.736
100    @a19950626d1984 em y0chiy0121 ea
101 1  @achi@ceng
102    @aCN@b320000
105    @ay z 000ay
106    @ar
200 10 @a劝导@Aquan dao@f(英)奥斯汀(J. Austen)著@g孙致礼,唐慧心译
210    @a南京@c江苏人民出版社@d1984
215    @a255页@d19cm
300    @a书名原文:The complete novels of Jane Austen
510 1  @aThe complete novels of Jane Austen@zeng
606    @a长篇小说@y英国@z近代
690    @aI561.44@v3
690    @aI561.4
701  1 @a奥斯汀@Aao si ting@bJ.@4著
701 A1 @aAusten@bJ.@4著
702  0 @a唐慧心@Atang hui xin@4译
702  0 @a孙致礼@Asun zhi li@4译
801  0 @aCN@b上海图书馆@c20040409
801  2 @aCN@bNLC@c20040409
905    @f2@b108517-518@dI561.4@e116
    
    劝导/(英)奥斯汀(J. Austen)著/孙致礼,唐慧心译.-南京:江苏人民出版社,1984
    255页;19cm
    书名原文:The complete novels of Jane Austen
    
    ISBN :CNY0.70
    
●
相关链接 在E读中查询图书 在五车中查询图书 在当当中查询图书 在豆瓣中查询图书


正题名:劝导     索取号:I561.4/116         预约/预借

序号 登录号 条形码 馆藏地/架位号 状态 备注
1 0108517   000680196   密集书库/ [索取号:I561.4/116] 在馆    
2 0108518   000680249   第二借阅区/ [索取号:I561.4/116] 在馆    
3 0108519   000680230   第一样本阅览室/ [索取号:I561.4/116] 在馆    
唐山师范学院图书馆 欢迎您!
大连网信软件有限公司© 版权所有